000 00857nam a2200265 a 4500
001
003 DO-SdBNP
005 20220218125040.0
008 100318s2009 dr 001 p spa d
020 _a9789945420708
040 _aDO-SdBNP
_bspa
_cBPMSU
082 _bH557t, 2009
_aRD861.44
_222
100 1 _aHernández Durán, Taty,
_d1960-
245 1 0 _aTemblor de la espera /
_cTaty Hernández Durán.
260 _aSan Francisco de Macorís, República Dominicana :
_bÁngeles de Fierro,
_b
_c2009.
300 _a62 p. ;
_c21 cm.
490 0 _aCoediciones
500 _aIncluye datos biográficos del autor en las solapas.
590 _aInventariado, 2022/VM
650 4 _aPoesía dominicana
650 4 _aLiteratura dominicana.
710 2 _aSecretaría de Estado de Cultura (República Dominicana)
910 _aVMateo V.
942 _2lcc
_cBK
999 _c14044
_d14044